Statistics for Most Populous Native American Tribes

Click here to take the quiz!

General Stats

  • This quiz has been taken 6,957 times
    (6,924 since last reset)
  • The average score is 5 of 15

Answer Stats

Population Homeland Tribe % Correct
281,069SoutheastCherokee
73%
269,202SouthwestNavajo
73%
108,272Great PlainsSioux
73%
57,060SouthwestApache
61%
45,919AlaskaEskimo / Inuit
48%
45,212NortheastIroquois
48%
27,104Great PlainsBlackfeet
28%
105,907Great LakesChippewa
22%
40,223SoutheastCreek
21%
59,533SouthwestPueblo
20%
87,349SoutheastChoctaw
19%
20,887SoutheastChickasaw
11%
15,817Great LakesPotawatomi
6%
55,913North CarolinaLumbee
5%
17,466SouthwestTohono O'odham
4%

Score Distribution

Percentile by Number Answered

Percent of People with Each Score

Your Score History

You have not taken this quiz since the last reset